rekordy krajów świata(dla geomexa) - Statystyki

Ogólne statystyki
  • Ten quiz został rozwiązany 1 840 razy
  • Średni wynik to 7 z 15
Statystyki odpowiedzi
Hint Odpowiedź % Poprawnych
najnowszy kraj na świecie Sudan Południowy
78%
kraj z najdłuższą linią brzegową Kanada
75%
Najszczęśliwszy kraj na świecie Finlandia
68%
kraj z najstarszą flagą dalej używaną Dania
64%
kraj z nastarszymi ludźmi Japonia
64%
kraj z najmniejszą gęstością zaludnienia Mongolia
60%
Największy producent ropy naftowej USA
54%
kraj z najwyżyszym średnim IQ Singapur
52%
kraj z najwyższymi ludźmi Holandia
51%
kraj z najkrótszą linią brzegową Monako
43%
Najbardziej zanieczyszczony kraj Bangladesz
31%
kraj z najgrubszymi ludźmi Nauru
27%
Najstarsza republika na świecie San Marino
25%
Najsmutniejszy kraj na świecie Burundi
15%
kraj z najmniejszymi ludźmi Indonezja
15%
Nie znaleziono quizów pasujących do podanych kryteriów
Rozkład punktacji
Procent ludzi z każdym wynikiem
Percentyl według liczby udzielonych odpowiedzi
Twoja historia wyników
Nie rozwiązałeś tego quizu